<The> Merriam-Webster Concise School and Office Dictionary
Gespeichert in:
| Format: | Buch |
|---|---|
| Sprache: | Englisch |
| Veröffentlicht: |
Springfield
Merriam-Webster
1991
|
| Ausgabe: | 1. ed. |
| Schlagworte: | |
| Tags: |
Keine Tags, Fügen Sie das erste Tag hinzu!
|
MARC
| LEADER | 00000nam a2200000 4500 | ||
|---|---|---|---|
| 001 | c018975 | ||
| 005 | 20221206114757.9 | ||
| 020 | |a 0-87779-600-9 | ||
| 041 | 0 | |a eng | |
| 044 | |a US | ||
| 245 | 1 | 0 | |a <The> Merriam-Webster Concise School and Office Dictionary |
| 250 | |a 1. ed. | ||
| 264 | 1 | |a Springfield |b Merriam-Webster |c 1991 | |
| 300 | |a 674 s. | ||
| 610 | 2 | 0 | |a angličtina |
| 610 | 2 | 0 | |a jazykoveda |
| 610 | 2 | 0 | |a jazyky cudzie |